LEADER 01253nam--2200385---450- 001 990000748480203316 005 20100628155355.0 035 $a0074848 035 $aUSA010074848 035 $a(ALEPH)000074848USA01 035 $a0074848 100 $a20011119d1993----km-y0itay0103----ba 101 $afre 102 $aFR 105 $a||||||||001yy 200 1 $a<> enseignement secondaire obligatoire en Europe$fJean Michel Leclercq 210 $aParis$cLa documentation française$d1993 215 $a139 p.$d24 cm 225 2 $aNotes et études documentaires 410 $12001$aNotes et études documentaires 461 1$1001-------$12001 606 0 $aIstruzione secondaria$yEuropa$zStudio comparato 676 $a373.4 700 1$aLECLERCQ,$bJean-Michel$0549892 801 0$aIT$bsalbc$gISBD 912 $a990000748480203316 951 $aXXX.A. Coll. 150/ 148 (COLL HCP 4972)$bEC$cXXX.A. Coll. 150/ 148 (COLL HCP)$d00272236 959 $aBK 969 $aGIU 979 $aPATTY$b90$c20011119$lUSA01$h1209 979 $c20020403$lUSA01$h1722 979 $aPATRY$b90$c20040406$lUSA01$h1652 979 $aRSIAV4$b90$c20100628$lUSA01$h1553 996 $aEnseignement secondaire obligatoire en Europe$9963348 997 $aUNISA